[Event "Bergen Spillfestival Hovedturnering 2023"]
[Site "Bergen Internasjonale Kulturse"]
[Date "2023.07.31"]
[Round "1"]
[White "GrÃ¸nn, TorbjÃ¸rn Vevle"]
[Black "Hansen, Ovin-Andreas"]
[Result "1/2-1/2"]
[WhiteElo "1485"]
[BlackElo "1200"]
[PlyCount "55"]
[EventDate "2023.??.??"]

{[%evp 0,55,27,22,60,60,59,1,20,-9,-9,11,27,-15,14,17,21,11,37,-19,114,-127,
-129,-115,29,51,47,30,40,-80,-65,-100,-98,-89,-84,-227,-161,-181,46,-39,-116,
-130,-128,-133,-148,-159,-32,-21,-24,-51,-44,-38,-49,-94,-33,-33,-34,-38]} 1.
e4 c6 2. Nf3 d5 3. d3 dxe4 4. Ng5 exd3 5. Bxd3 Nh6 6. Nxh7 Rxh7 7. Bxh7 Qxd1+
8. Kxd1 g6 9. h4 Bf5 10. c3 Ng4 11. Ke2 Bd3+ 12. Kxd3 Nxf2+ 13. Ke2 Nxh1 14.
Kf3 Nd7 15. g4 Ne5+ 16. Kg2 Rd8 17. Bf4 Nd3 18. Be3 Nxb2 19. Kxh1 Rd1+ 20. Kg2
Nc4 21. Bf2 Na3 22. h5 Nxb1 23. hxg6 Nxc3 24. gxf7+ Kxf7 25. Rxd1 Nxd1 26. Bd4
Bg7 27. Bxa7 Nc3 28. Bc2 1/2-1/2

[Event "Bergen Spillfestival Hovedturnering 2023"]
[Site "Bergen Internasjonale Kulturse"]
[Date "2023.07.31"]
[Round "1"]
[White "Haukeland, Odd Arne"]
[Black "Tufteland, Vegard"]
[Result "1-0"]
[WhiteElo "1196"]
[BlackElo "1341"]
[PlyCount "65"]
[EventDate "2023.??.??"]

{[%evp 0,59,22,18,32,6,6,13,13,9,17,20,44,32,73,94,82,29,43,10,12,20,29,35,47,
14,58,39,68,79,122,60,64,10,26,23,19,31,31,30,31,31,34,28,29,22,45,46,32,53,
413,407,439,441,446,439,436,413,678,687,694,698]} 1. d4 Nf6 2. c4 e6 3. Nf3 d5
4. Bg5 Be7 5. e3 Nbd7 6. Nc3 b6 7. cxd5 exd5 8. h3 O-O 9. Be2 Bb7 10. O-O h6
11. Bf4 c5 12. a3 Rc8 13. Rc1 cxd4 14. Nxd4 Ne4 15. Qe1 Ndf6 16. Nb1 Rxc1 17.
Qxc1 Bd6 18. Bxd6 Qxd6 19. Nd2 Rc8 20. Qd1 Nxd2 21. Qxd2 Ne4 22. Qd1 Qc5 23.
Bf3 Ba6 24. Re1 Qc4 25. Be2 Qc7 26. Bxa6 Rd8 27. Bd3 Nc5 28. Be2 Qe7 29. Nc6
Qc7 30. Nxd8 Qxd8 31. Bf3 Qf6 32. Qc2 d4 33. exd4 1-0

[Event "Bergen Spillfestival Hovedturnering 2023"]
[Site "Bergen Internasjonale Kulturse"]
[Date "2023.07.31"]
[Round "1"]
[White "Torvik, Jonathan Skumsnes"]
[Black "Gjersvik, Julian"]
[Result "1-0"]
[WhiteElo "1315"]
[BlackElo "1094"]
[PlyCount "53"]
[EventDate "2023.??.??"]

{[%evp 0,53,22,11,18,22,18,13,85,31,24,-21,12,-19,-20,-41,-29,-32,-33,-52,-36,
-31,70,59,67,67,103,118,127,113,116,101,163,132,158,176,178,91,122,109,103,127,
175,141,148,138,304,289,311,286,378,405,29993,29994,29995,29996]} 1. e4 e5 2.
Nf3 Nc6 3. Bb5 d6 4. Bxc6+ bxc6 5. h3 f5 6. d3 Be7 7. Nbd2 Nf6 8. b3 O-O 9. Bb2
Be6 10. Qe2 f4 11. d4 exd4 12. Nxd4 Bf7 13. Nxc6 Qd7 14. Nxe7+ Qxe7 15. O-O-O
d5 16. e5 Rfe8 17. Qf3 Nd7 18. Rhe1 Qg5 19. Qg4 Qxg4 20. hxg4 h5 21. Nf3 hxg4
22. Ng5 Bh5 23. Rxd5 Nf6 24. Rdd1 g3 25. exf6 Bxd1 26. f7+ Kf8 27. Ba3+ 1-0

[Event "Bergen Spillfestival Hovedturnering 2023"]
[Site "Bergen Internasjonale Kulturse"]
[Date "2023.07.31"]
[Round "1"]
[White "LÃ¸nning, Hans Kristian"]
[Black "Kaada, Henrik Helland"]
[Result "1-0"]
[WhiteElo "1082"]
[BlackElo "1303"]
[PlyCount "75"]
[EventDate "2023.??.??"]

{[%evp 0,58,19,17,32,14,27,27,59,41,54,31,21,6,13,2,-2,-5,1,-82,-12,-82,-6,-11,
377,394,367,328,336,336,342,315,382,176,176,176,186,26,33,16,2,7,13,0,4,8,79,
72,116,-163,-156,-152,-99,-96,-97,-95,-86,-116,-103,-83,-72]} 1. d4 d5 2. Bf4
Nf6 3. e3 c5 4. Nf3 Nc6 5. c3 e6 6. Bd3 Bd6 7. Bxd6 Qxd6 8. Nbd2 Bd7 9. c4 Rc8
10. Qb3 Nb4 11. a3 Ba4 12. Qxa4+ Nc6 13. Ne5 O-O 14. Nxc6 Rxc6 15. Qxa7 Rfc8
16. Qa4 cxd4 17. exd4 dxc4 18. Ne4 Qxd4 19. Nxf6+ Qxf6 20. Be2 Qxb2 21. Qd1
Qc3+ 22. Kf1 Qb3 23. g3 Qb6 24. Bxc4 Rxc4 25. Kg2 Qc6+ 26. Qf3 Qxf3+ 27. Kxf3
g5 28. Rhd1 g4+ 29. Kg2 Rc3 30. a4 Rf3 31. Rd4 h5 32. Rb1 Rc2 33. Rf1 Rb2 34.
h3 f5 35. Rd6 Kf7 36. a5 f4 37. gxf4 gxh3+ 38. Kxf3 1-0

[Event "Bergen Spillfestival Hovedturnering 2023"]
[Site "Bergen Internasjonale Kulturse"]
[Date "2023.07.31"]
[Round "1"]
[White "Rommetveit, Tarjei"]
[Black "Torskangerpoll, Peder"]
[Result "1-0"]
[WhiteElo "1299"]
[BlackElo "1076"]
[PlyCount "105"]
[EventDate "2023.??.??"]

{[%evp 0,42,27,22,18,18,18,28,15,-14,40,0,91,64,86,81,106,84,74,64,89,78,66,50,
44,53,95,76,128,74,132,57,331,329,324,321,366,366,379,277,282,213,220,95,237]} 
1. e4 e5 2. Nf3 Nc6 3. d4 exd4 4. Bc4 h6 5. O-O d6 6. Nxd4 Bd7 7. Nc3 Ne5 8.
Be2 Nf6 9. f4 Ng6 10. b3 Be7 11. Nf5 O-O 12. Bd3 Kh7 13. Qf3 Bc6 14. Qh3 Qd7
15. Nxe7 Qxh3 16. gxh3 Nxe7 17. e5+ Kh8 18. exf6 gxf6 19. Be4 d5 20. Bg2 Rg8
21. Kh1 Rad8 22. Ne2 Nf5 23. Ng3 Nxg3+ 24. hxg3 Rxg3 25. Kh2 Rdg8 26. Rf2 Bd7
27. Bb2 h5 28. Bxf6+ Kh7 29. Bh4 Rc3 30. Rd1 Bc8 31. Rxd5 Kh6 32. Bg5+ Kh7 33.
Be4+ Kg7 34. Rd3 Rc5 35. Rg3 f6 36. Bxf6+ Kf7 37. Rxg8 Kxg8 38. Bd4 Ra5 39.
Rg2+ Kf8 40. Bh7 Be6 41. Bg7+ Ke7 42. Re2 Kd7 43. c4 Ra6 44. f5 Bf7 45. f6 c5
46. Re7+ Kd6 47. Rxf7 Rxa2+ 48. Kg3 Ra1 49. Rxb7 Kc6 50. Re7 Kd6 51. Re3 Rf1
52. Rf3 h4+ 53. Kg2 1-0

[Event "Bergen Spillfestival Hovedturnering 2023"]
[Site "Bergen Internasjonale Kulturse"]
[Date "2023.08.01"]
[Round "2"]
[White "Moen, Odd Halvor"]
[Black "GrÃ¸nn, TorbjÃ¸rn Vevle"]
[Result "0-1"]
[WhiteElo "1230"]
[BlackElo "1485"]
[PlyCount "102"]
[EventDate "2023.??.??"]

{[%evp 0,67,28,-16,6,-10,13,-11,-9,-37,-38,-38,-4,-9,-15,-25,2,-12,-4,-30,-23,
-43,-26,-23,-23,-26,-35,-31,-32,-36,102,-114,-121,-149,-137,-151,-140,-140,
-147,-171,-139,-170,-139,-133,-138,-182,-118,-128,-133,-122,-123,-121,-123,
-137,-137,-158,-159,-170,-190,-398,-152,-167,-159,-188,-186,-190,-192,-238,
-198,-195]} 1. c4 Nf6 2. Nc3 e6 3. g3 d5 4. cxd5 exd5 5. d4 c6 6. Bg2 Bf5 7.
Nf3 Bd6 8. O-O O-O 9. Bg5 Nbd7 10. Nh4 Be6 11. e4 dxe4 12. Nxe4 Be7 13. Re1
Nxe4 14. Bxe7 Nxf2 15. Kxf2 Qxe7 16. Bh3 Qf6+ 17. Kg2 Bd5+ 18. Kg1 Nb6 19. Nf5
Rfe8 20. b3 Rxe1+ 21. Qxe1 Be6 22. Qf2 Nd5 23. Rf1 Rd8 24. Qd2 Bxf5 25. Bxf5
Qe7 26. Re1 Qd6 27. Be4 Nf6 28. Qe3 g6 29. Kg2 Nxe4 30. Qxe4 Qxd4 31. Kf3 Kf8
32. Qe7+ Kg7 33. a3 Qf6+ 34. Qxf6+ Kxf6 35. Kf2 Rd3 36. Rb1 Rd2+ 37. Kg1 a5 38.
b4 axb4 39. Rxb4 b5 40. a4 bxa4 41. Rxa4 Rc2 42. h3 c5 43. Ra6+ Kg7 44. h4 c4
45. g4 c3 46. h5 gxh5 47. gxh5 f6 48. h6+ Kg6 49. Ra7 Rc1+ 50. Kf2 c2 51. Ke2
Rh1 0-1

[Event "Bergen Spillfestival Hovedturnering 2023"]
[Site "Bergen Internasjonale Kulturse"]
[Date "2023.08.01"]
[Round "2"]
[White "LÃ¸nning, Hans Kristian"]
[Black "Torvik, Jonathan Skumsnes"]
[Result "1/2-1/2"]
[WhiteElo "1082"]
[BlackElo "1315"]
[PlyCount "159"]
[EventDate "2023.??.??"]

{[%evp 0,44,26,18,26,26,19,12,-5,23,27,1,-5,-58,-131,-109,-70,-132,-57,-57,-57,
-79,-96,-96,-44,-45,-49,-57,-26,-58,-31,-31,-27,-21,-33,-49,-53,-74,-59,-74,
-79,-117,-112,-135,-102,-122,-123]} 1. e4 e5 2. Nf3 Nc6 3. Bc4 Nf6 4. Nc3 Nxe4
5. Nxe4 d5 6. Qe2 dxc4 7. Qxc4 Be6 8. Qc3 Bd6 9. Nxd6+ Qxd6 10. d3 Bd5 11. Be3
Qb4 12. Qxb4 Nxb4 13. Kd2 e4 14. Ne1 exd3 15. Nxd3 Nxd3 16. cxd3 O-O-O 17. Kc2
Rd6 18. Rad1 Bxg2 19. Rhg1 Bf3 20. Rd2 g6 21. b3 a5 22. Kb2 Rhd8 23. Kc2 a4 24.
Re1 a3 25. Bf4 Rc6+ 26. Kb1 Re6 27. Rc1 Rc6 28. Re1 Re6 29. Rc1 c6 30. Be3 Red6
31. Rc3 Be4 32. Kc2 Bf5 33. b4 Rd5 34. Rxa3 Kc7 35. Bf4+ Kb6 36. Be3+ Kb5 37.
Rb3 Be6 38. a3 Rh5 39. Rc3 Rdd5 40. Bf4 g5 41. Bc7 Rf5 42. Bg3 Rh3 43. Re2 Ka6
44. Re5 Rxe5 45. Bxe5 Rf3 46. Bd4 h5 47. Rc5 Rf5 48. Rxf5 Bxf5 49. Bf6 g4 50.
a4 b6 51. Kc3 c5 52. Kb3 cxb4 53. Kxb4 Bxd3 54. Bd8 b5 55. axb5+ Bxb5 56. Kc5
Bd3 57. Kc6 Be4+ 58. Kc5 Kb7 59. Kd6 Kc8 60. Bf6 Kb7 61. Bd8 Bc2 62. Bf6 Kb6
63. Bd4+ Kb5 64. Ke5 Kc4 65. Be3 Kd3 66. Kf6 Ke2 67. Kg5 Bg6 68. Kf4 f6 69. Kg3
Kf1 70. Bd4 f5 71. Be3 h4+ 72. Kxh4 Kg2 73. Bf4 Kxf2 74. Kg5 Bh7 75. Kh6 Kf3
76. Kg5 Bg6 77. Bg3 Bh7 78. Bf4 Ke4 79. Bg3 Bg8 80. Bf4 1/2-1/2

[Event "Bergen Spillfestival Hovedturnering 2023"]
[Site "Bergen Internasjonale Kulturse"]
[Date "2023.08.01"]
[Round "3"]
[White "GrÃ¸nn, TorbjÃ¸rn Vevle"]
[Black "LÃ¸nning, Hans Kristian"]
[Result "1-0"]
[WhiteElo "1485"]
[BlackElo "1082"]
[PlyCount "79"]
[EventDate "2023.??.??"]

{[%evp 0,33,21,19,19,19,19,18,12,6,9,7,71,116,443,229,529,411,416,444,401,403,
403,388,483,489,504,452,452,353,381,346,367,358,358,373]} 1. e4 e5 2. Nc3 Nc6
3. Bc4 Bc5 4. Qg4 Qf6 5. Nd5 Qxf2+ 6. Kd1 Nf6 7. Qxg7 Rf8 8. Qxf6 Qxf6 9. Nxf6+
Ke7 10. Nd5+ Kd8 11. d4 Bxd4 12. Bg5+ f6 13. Nxf6 Ne7 14. Nd5 Bc5 15. Nf3 c6
16. Nxe7 Bxe7 17. Bxe7+ Kxe7 18. Nxe5 d6 19. Nf3 Bg4 20. Rf1 Kd7 21. Kd2 h6 22.
Rae1 Rae8 23. Bd3 Rg8 24. Nd4 Be6 25. g3 Bh3 26. Rf7+ Kc8 27. Rf6 c5 28. Nf5
Kc7 29. Rxh6 Bg4 30. Nxd6 Rd8 31. Nb5+ Kb8 32. c4 Rh8 33. Rxh8 Rxh8 34. h4 Ka8
35. e5 Rf8 36. e6 Rf2+ 37. Kc3 a6 38. e7 Bd7 39. e8=Q+ Bxe8 40. Rxe8# 1-0

[Event "Bergen Spillfestival Hovedturnering 2023"]
[Site "Bergen Internasjonale Kulturse"]
[Date "2023.08.01"]
[Round "3"]
[White "Torvik, Jonathan Skumsnes"]
[Black "Hansen, Ovin-Andreas"]
[Result "0-1"]
[WhiteElo "1315"]
[BlackElo "1200"]
[PlyCount "46"]
[EventDate "2023.??.??"]

{[%evp 0,41,20,19,76,69,53,56,55,36,31,23,23,7,7,7,19,17,41,31,32,-24,-59,-804,
-747,-29989,-29988,-29989,-29990,-29991,-513,-586,-521,-567,-74,-90,29,26,-4,
39,72,-29,-37,-47]} 1. e4 c6 2. d4 d5 3. exd5 cxd5 4. Bd3 Nc6 5. c3 e6 6. Nf3
Bd6 7. O-O h6 8. Nbd2 g5 9. h3 h5 10. Nh2 g4 11. hxg4 Bxh2+ 12. Kxh2 hxg4+ 13.
Kg3 Qh4+ 14. Kf4 e5+ 15. Ke3 exd4+ 16. cxd4 Rh6 17. Nb3 Qg5+ 18. Ke2 Re6+ 19.
Be3 f5 20. Nc5 Re7 21. Ne4 Qg6 22. Ng3 Qf7 23. Qd2 Nxd4+ 0-1

[Event "Bergen Spillfestival Hovedturnering 2023"]
[Site "Bergen Internasjonale Kulturse"]
[Date "2023.08.01"]
[Round "3"]
[White "Gjersvik, Julian"]
[Black "TrÃ¦en, Ã~yvind BjÃ¸rnevoll"]
[Result "0-1"]
[WhiteElo "1094"]
[BlackElo "1299"]
[PlyCount "31"]
[EventDate "2023.??.??"]

{[%evp 0,31,20,19,69,55,55,42,42,40,40,14,4,-16,-29,-29,-20,-20,64,-49,-54,-34,
29,56,53,59,66,-235,-53,-1019,-1034,-1034,-1034,-1480]} 1. e4 c6 2. Nc3 d5 3.
exd5 cxd5 4. d4 Nf6 5. g3 Nc6 6. Bg2 Bf5 7. Nf3 Nb4 8. O-O Nxc2 9. Rb1 Nb4 10.
Ra1 g6 11. Qa4+ Nc6 12. Ne5 Bd7 13. Nxd5 Nxe5 14. Re1 Bxa4 15. Rxe5 Nxd5 16.
Bxd5 0-1

[Event "Bergen Spillfestival Hovedturnering 2023"]
[Site "Bergen Internasjonale Kulturse"]
[Date "2023.08.02"]
[Round "4"]
[White "TrÃ¦en, Ã~yvind BjÃ¸rnevoll"]
[Black "GrÃ¸nn, TorbjÃ¸rn Vevle"]
[Result "0-1"]
[WhiteElo "1299"]
[BlackElo "1485"]
[PlyCount "98"]
[EventDate "2023.??.??"]

{[%evp 0,56,20,-16,-21,-21,-25,-36,-11,-25,-10,-4,17,-15,-11,-10,27,-28,-21,
-24,-40,-46,-36,-31,6,-57,-56,-44,-12,-59,-42,-39,-34,-56,-51,-85,-64,-88,-83,
-87,-73,-77,-54,-77,-66,-61,-66,-130,-2,-25,-38,-45,-42,-78,-45,-72,87,110,106]
} 1. f4 d5 2. Nf3 Nf6 3. e3 e6 4. d3 Bd6 5. Be2 Nbd7 6. O-O c6 7. a4 Qb6 8. Kh1
e5 9. fxe5 Nxe5 10. Nxe5 Bxe5 11. d4 Bd6 12. Bd3 Qc7 13. h3 Be6 14. a5 Ne4 15.
Bxe4 dxe4 16. Nd2 f5 17. c4 g6 18. Qe2 Bg3 19. b3 h5 20. Bb2 O-O 21. Rfc1 Qh7
22. a6 b6 23. d5 Bd7 24. dxc6 Bxc6 25. c5 b5 26. Ra5 Rab8 27. Nf1 h4 28. Nxg3
hxg3 29. Be5 Rbd8 30. Bxg3 Rd3 31. b4 Rfd8 32. Bd6 Qf7 33. Rd1 Qd5 34. Rxd3
exd3 35. Qd2 Qb3 36. Qa2 Bd5 37. Qd2 Kf7 38. Ra1 Rh8 39. Kh2 Rh4 40. Bf4 g5 41.
Bxg5 Rc4 42. Qf2 f4 43. Bxf4 Rc2 44. Qg3 Rxg2+ 45. Qxg2 Bxg2 46. Kxg2 Qb2+ 47.
Kg3 Qxa1 48. e4 Qxa6 49. Bd6 d2 0-1

[Event "Bergen Spillfestival Hovedturnering 2023"]
[Site "Bergen Internasjonale Kulturse"]
[Date "2023.08.02"]
[Round "4"]
[White "Torskangerpoll, Peder"]
[Black "Torvik, Jonathan Skumsnes"]
[Result "1-0"]
[WhiteElo "1076"]
[BlackElo "1315"]
[PlyCount "55"]
[EventDate "2023.??.??"]

{[%evp 0,48,20,-10,-26,-33,4,9,32,35,34,-26,-2,-10,17,-43,-53,-64,-57,-74,-43,
-43,-40,-35,-23,-29,-24,-15,-28,-28,-29,-51,16,-52,131,13,31,17,20,-2,7,7,7,0,
-3,-12,-14,-76,-82,-82,-57]} 1. c4 e5 2. g3 c6 3. Nc3 Bb4 4. Bg2 Nf6 5. e3 d6
6. Nge2 Be6 7. a3 Bxc3 8. Nxc3 Bxc4 9. d3 Ba6 10. O-O O-O 11. Rb1 Nbd7 12. b4
d5 13. a4 Qc7 14. Qd2 b6 15. Ba3 Rfe8 16. Rfc1 Rac8 17. Nxd5 Nxd5 18. Bxd5 Qd6
19. Bc4 Bxc4 20. Rxc4 b5 21. Rc3 bxa4 22. b5 Qb8 23. Qb2 cxb5 24. Rxc8 Rxc8 25.
Qxb5 Qxb5 26. Rxb5 Rc3 27. Rd5 Rc7 28. Bd6 1-0

[Event "Bergen Spillfestival Hovedturnering 2023"]
[Site "Bergen Internasjonale Kulturse"]
[Date "2023.08.02"]
[Round "4"]
[White "Mansoor, Areeb Uddin"]
[Black "Kaada, Henrik Helland"]
[Result "0-1"]
[WhiteElo "1240"]
[BlackElo "1303"]
[PlyCount "76"]
[EventDate "2023.??.??"]

{[%evp 0,39,20,19,41,41,71,73,77,70,65,52,43,32,27,29,22,17,46,46,27,-236,53,
-42,-241,-240,-128,-134,-28,-163,-171,-174,-174,-214,-223,-221,-244,-587,-589,
-601,-612,-655]} 1. e4 c5 2. Nc3 d6 3. h3 g6 4. Nf3 Bg7 5. Bc4 Nf6 6. a3 Nc6 7.
d3 O-O 8. Bg5 Qb6 9. Rb1 e6 10. Nb5 Rd8 11. Rg1 d5 12. e5 Nxe5 13. Nxe5 dxc4
14. Nc3 cxd3 15. cxd3 h6 16. Bxf6 Bxf6 17. Ng4 Bg7 18. b3 Bxc3+ 19. Kf1 Bg7 20.
g3 Qd6 21. Kg2 Qxd3 22. Qxd3 Rxd3 23. Rgd1 Rd7 24. f4 b6 25. Ne5 Bxe5 26. fxe5
Bb7+ 27. Kh2 Rad8 28. Rxd7 Rxd7 29. h4 Rd2+ 30. Kh3 g5 31. hxg5 hxg5 32. Kg4
Kg7 33. Kxg5 Rd4 34. Re1 Bf3 35. Rf1 Rg4+ 36. Kh5 Rf4+ 37. Kg5 Rf5+ 38. Kh4
Rh5# 0-1

[Event "Bergen Spillfestival Hovedturnering 2023"]
[Site "Bergen Internasjonale Kulturse"]
[Date "2023.08.02"]
[Round "4"]
[White "Hansen, Ovin-Andreas"]
[Black "Rommetveit, Tarjei"]
[Result "1/2-1/2"]
[WhiteElo "1200"]
[BlackElo "1299"]
[PlyCount "61"]
[EventDate "2023.??.??"]

{[%evp 0,47,20,-18,-10,-15,-25,-27,12,-1,-23,-23,10,-35,-28,-24,-26,-25,-4,-8,
-23,-23,-26,-36,-15,-22,7,17,24,-10,-2,-24,-25,-43,-30,-51,-53,-51,-46,-62,10,
-8,42,57,72,61,38,12,83,96]} 1. c4 e5 2. Nc3 Nf6 3. g3 d5 4. cxd5 Nxd5 5. Bg2
Nb6 6. e4 Nc6 7. Nf3 Bc5 8. d3 f6 9. a3 a5 10. O-O Be6 11. Qe2 a4 12. Be3 Nd4
13. Bxd4 Bxd4 14. Qd2 O-O 15. Nxd4 Qxd4 16. Ne2 Qd7 17. f4 Nc4 18. Qc3 Ne3 19.
f5 Nxf1 20. fxe6 Qxe6 21. Rxf1 Qb6+ 22. Kh1 Rfd8 23. Rd1 c5 24. Rd2 Qb5 25. Bh3
Rd6 26. Nc1 Rad8 27. Rc2 b6 28. Qc4+ Qxc4 29. Rxc4 Ra8 30. Kg1 Kf7 31. Kf2
1/2-1/2

[Event "Bergen Spillfestival Hovedturnering 2023"]
[Site "Bergen Internasjonale Kulturse"]
[Date "2023.08.02"]
[Round "5"]
[White "GrÃ¸nn, TorbjÃ¸rn Vevle"]
[Black "Tufteland, Vegard"]
[Result "1/2-1/2"]
[WhiteElo "1485"]
[BlackElo "1341"]
[PlyCount "47"]
[EventDate "2023.??.??"]

{[%evp 0,47,20,19,41,25,19,-28,7,-7,-8,21,2,0,6,4,22,-31,-22,-25,-30,-29,-19,
-34,-14,-29,3,-16,-37,-54,-66,-99,-88,-83,45,-100,-134,-134,-124,-128,-122,
-124,-120,-124,-120,-124,-124,-120,-110,-120]} 1. e4 c5 2. d4 cxd4 3. c3 d5 4.
Qxd4 Nf6 5. exd5 Qxd5 6. Qxd5 Nxd5 7. Nf3 g6 8. g3 Bg7 9. Bg2 Nc6 10. O-O O-O
11. Nbd2 Nb6 12. Ne4 e5 13. Be3 f5 14. Nc5 Nc4 15. b3 Nxe3 16. fxe3 b6 17. Nxe5
Nxe5 18. Bxa8 bxc5 19. Bd5+ Kh8 20. Rad1 Ng4 21. Rd3 Re8 22. Bc6 Rf8 23. Bd5
Nf6 24. Bc6 1/2-1/2

[Event "Bergen Spillfestival Hovedturnering 2023"]
[Site "Bergen Internasjonale Kulturse"]
[Date "2023.08.02"]
[Round "5"]
[White "Karaliute, Urte"]
[Black "Moen, Odd Halvor"]
[Result "1-0"]
[WhiteElo "1239"]
[BlackElo "1230"]
[PlyCount "75"]
[EventDate "2023.??.??"]

{[%evp 0,39,20,20,55,33,33,33,33,15,14,11,13,-31,11,-60,-24,-47,-49,-55,-36,
-79,-18,-16,7,1,9,-8,8,-98,-105,-133,-132,-132,-128,-118,-10,-41,25,26,29,40]} 
1. d4 b6 2. c4 Bb7 3. Nc3 e6 4. Bf4 Bb4 5. Nf3 Nf6 6. Qc2 O-O 7. Bg5 d6 8. a3
Bxc3+ 9. Qxc3 Nbd7 10. Nd2 Qe8 11. f3 a6 12. e4 h6 13. Bh4 c5 14. d5 exd5 15.
cxd5 Nxd5 16. Qb3 b5 17. O-O-O c4 18. Nxc4 Nc5 19. Qc2 bxc4 20. exd5 Qe3+ 21.
Kb1 Nb3 22. Bxc4 Nd4 23. Qd3 Qxd3+ 24. Rxd3 Ne2 25. Rb3 Bc8 26. Bxe2 Bf5+ 27.
Bd3 Bd7 28. Be7 Rfe8 29. Bxd6 g6 30. Bc7 Re3 31. Bc4 Re7 32. d6 Re5 33. Rb8+
Rxb8 34. Bxb8 a5 35. Rc1 Kg7 36. Ba7 f5 37. Bd4 Kf6 38. Re1 1-0

[Event "Bergen Spillfestival Hovedturnering 2023"]
[Site "Bergen Internasjonale Kulturse"]
[Date "2023.08.02"]
[Round "5"]
[White "Hansen, Ovin-Andreas"]
[Black "Torskangerpoll, Peder"]
[Result "0-1"]
[WhiteElo "1200"]
[BlackElo "1076"]
[PlyCount "66"]
[EventDate "2023.??.??"]

{[%evp 0,44,20,20,26,15,21,-10,13,-15,-15,-17,5,-11,3,-27,9,-24,-13,-56,-21,
-35,-26,-39,-30,-19,-11,-1,88,96,78,96,61,62,62,80,102,-243,-202,-211,-198,
-564,155,-1520,42,6,84]} 1. Nf3 Nc6 2. d4 d5 3. c4 e6 4. cxd5 exd5 5. a3 Nf6 6.
Nc3 Be7 7. b4 a6 8. Bg5 h6 9. Bf4 O-O 10. h3 Bf5 11. g4 Be4 12. Bg2 Bxf3 13.
Bxf3 Ne4 14. Nxe4 dxe4 15. Bxe4 Qxd4 16. Qxd4 Nxd4 17. Be5 Ne6 18. Bxc7 Bf6 19.
Rc1 Rac8 20. Bd6 Rfd8 21. Bf5 Ra8 22. Bc5 Bb2 23. Rb1 Bxa3 24. Rb3 Bc1 25. O-O
Bd2 26. Rd1 a5 27. Bb6 a4 28. Rbb1 a3 29. Bxd8 a2 30. Ra1 Bc3 31. Rxa2 Rxa2 32.
Ba5 g6 33. Bb1 Rxe2 0-1

[Event "Bergen Spillfestival Hovedturnering 2023"]
[Site "Bergen Internasjonale Kulturse"]
[Date "2023.08.03"]
[Round "6"]
[White "Torskangerpoll, Peder"]
[Black "GrÃ¸nn, TorbjÃ¸rn Vevle"]
[Result "0-1"]
[WhiteElo "1076"]
[BlackElo "1485"]
[PlyCount "156"]
[EventDate "2023.??.??"]

1. c4 Nf6 2. Nc3 e6 3. g3 d5 4. cxd5 exd5 5. d4 c6 6. Bg2 Be6 7. e3 Bd6 8. Nge2
O-O 9. O-O Re8 10. Qb3 Qd7 11. Bd2 b6 12. Rac1 Bh3 13. Rc2 Bxg2 14. Kxg2 Qf5
15. Rfc1 Ng4 16. Be1 Rxe3 17. h3 Qf3+ 18. Kg1 Re6 19. hxg4 Rh6 20. Kf1 Rh1+ 21.
Ng1 Bxg3 22. Nce2 Qxb3 23. axb3 Bd6 24. f3 Rh6 25. Bg3 a5 26. Kg2 Ra7 27. Nc3
Bxg3 28. Kxg3 Rd7 29. Nge2 Rhd6 30. Na4 Rb7 31. Nf4 Kf8 32. Re1 Na6 33. Rce2 g6
34. Re8+ Kg7 35. R1e7 Rxe7 36. Rxe7 b5 37. Ra7 Nb4 38. Nc5 Nc2 39. g5 Nxd4 40.
Kf2 Kg8 41. Ke3 Nf5+ 42. Kd3 Nh4 43. Ra8+ Kg7 44. Ra7 Kg8 45. Ke3 Nf5+ 46. Kf2
h6 47. gxh6 Nxh6 48. Rxa5 Nf5 49. Ra8+ Kg7 50. Ra7 Nd4 51. Ke3 Nf5+ 52. Kd3 Nh4
53. Nfe6+ Kf6 54. Nd4 g5 55. Ra6 Ke5 56. Nxb5 cxb5 57. Ra7 f5 58. Nd7+ Kf4 59.
Kd4 Nxf3+ 60. Kc5 Rh6 61. Kxd5 g4 62. Nf8 g3 63. Ne6+ Rxe6 64. Kxe6 g2 65. Ra1
g1=Q 66. Rxg1 Nxg1 67. Kf6 Ke4 68. Kg5 f4 69. Kg4 Ke3 70. b4 f3 71. Kg3 Ke2 72.
b3 f2 73. Kh2 Nf3+ 74. Kg3 f1=Q 75. Kg4 Ne5+ 76. Kh4 Qg2 77. Kh5 Qg4+ 78. Kh6
Qg6# 0-1

[Event "Bergen Spillfestival Hovedturnering 2023"]
[Site "Bergen Internasjonale Kulturse"]
[Date "2023.08.03"]
[Round "6"]
[White "Tufteland, Vegard"]
[Black "Hansen, Ovin-Andreas"]
[Result "0-1"]
[WhiteElo "1341"]
[BlackElo "1200"]
[PlyCount "120"]
[EventDate "2023.??.??"]

{[%evp 0,49,20,19,69,53,57,60,44,23,23,25,23,31,31,20,20,15,28,30,36,40,46,46,
41,41,48,41,41,39,54,60,76,62,68,65,62,51,78,50,60,40,21,30,31,37,74,-38,24,
-41,0,-35]} 1. e4 c6 2. d4 d5 3. exd5 cxd5 4. Bd3 Nc6 5. c3 e6 6. Bf4 Bd6 7.
Bxd6 Qxd6 8. Nf3 Nf6 9. O-O O-O 10. Nbd2 e5 11. dxe5 Nxe5 12. Nxe5 Qxe5 13. Nf3
Qd6 14. h3 Be6 15. Re1 a6 16. a4 Qc5 17. Nd4 Rfe8 18. Rc1 a5 19. Bb5 Bd7 20.
Qf3 Bxb5 21. Nxb5 Ne4 22. Rcd1 Re5 23. c4 Nd2 24. Qg4 Rxe1+ 25. Rxe1 Nxc4 26.
Qd7 Qc6 27. Re7 Qxd7 28. Rxd7 Nxb2 29. Rxd5 Nxa4 30. Nc7 Nb6 31. Rd6 Rc8 32.
Nb5 Na4 33. Rd4 Nc5 34. Rd5 b6 35. Na7 Ra8 36. Kf1 g6 37. Nc6 a4 38. Rd1 a3 39.
Ra1 a2 40. Nb4 Ra4 41. Nxa2 Na6 42. Ke1 b5 43. Kd2 Nb4 44. Rb1 Rxa2+ 45. Ke3
Nc2+ 46. Kd3 b4 47. g4 Kg7 48. g5 h6 49. h4 f6 50. f4 hxg5 51. hxg5 Kf7 52. Rc1
b3 53. Kc3 b2 54. Rd1 Ra1 55. Rd7+ Ke6 56. f5+ Kxd7 57. fxg6 b1=Q 58. g7 Qb8
59. gxf6 Qg8 60. Kxc2 Ra6 0-1

[Event "Bergen Spillfestival Hovedturnering 2023"]
[Site "Bergen Internasjonale Kulturse"]
[Date "2023.08.03"]
[Round "6"]
[White "TrÃ¦en, Ã~yvind BjÃ¸rnevoll"]
[Black "Karaliute, Urte"]
[Result "0-1"]
[WhiteElo "1299"]
[BlackElo "1239"]
[PlyCount "74"]
[EventDate "2023.??.??"]

{[%evp 0,74,20,20,36,13,14,-35,8,-5,-8,-10,-7,-101,-95,-51,-31,-31,-11,-6,10,1,
-1,-63,-62,-62,-48,-64,-38,-61,-49,-89,-89,-123,-103,-126,-107,-114,-138,-168,
-170,-178,-163,-164,-166,-172,-162,-195,-193,-208,-167,-463,-454,-472,-473,
-465,-474,-579,-609,-618,-618,-1042,-1039,-1041,-1039,-29995,-1167,-1519,-1135,
-1212,-1225,-1225,-1324,-1438,-1574,-1672,-2053]} 1. d4 e6 2. c4 Nf6 3. Bg5
Bb4+ 4. Nc3 c5 5. e3 Qa5 6. Nge2 Ne4 7. Qd3 Nxg5 8. h4 cxd4 9. exd4 h6 10. hxg5
Qxg5 11. Qg3 Qxg3 12. Nxg3 Nc6 13. d5 Bxc3+ 14. bxc3 Na5 15. Bd3 b6 16. Nf1 Bb7
17. Ne3 Rc8 18. Kd2 Ba6 19. dxe6 dxe6 20. Rh4 Ke7 21. Rah1 Rhd8 22. Kc2 Rc7 23.
Re4 Rcd7 24. Nf5+ Kf6 25. Rf4 exf5 26. Rxf5+ Ke7 27. Re1+ Kf8 28. Be2 Rd2+ 29.
Kc1 Rxa2 30. Bh5 Ra1+ 31. Kc2 Rxe1 32. Bxf7 Ke7 33. Bd5 Bxc4 34. Rf7+ Ke8 35.
Bxc4 Nxc4 36. Rxa7 Rd2+ 37. Kb3 Na5+ 0-1